Implementing the UN sustainable development goals (Record no. 121132)

MARC details
000 -LEADER
fixed length control field 01094nam a22002057a 4500
001 - CONTROL NUMBER
control field K121132
008 - FIXED-LENGTH DATA ELEMENTS--GENERAL INFORMATION
fixed length control field 160218b2019 xxu||||| |||| 00| 0 eng d
041 ## - LANGUAGE CODE
Language code of text/sound track or separate title eng
110 ## - MAIN ENTRY--CORPORATE NAME
Corporate author Royal Institution of Chartered Surveyors
245 ## - TITLE STATEMENT
Title Implementing the UN sustainable development goals
Subtitle The global goals for sustainable development
260 ## - PUBLICATION INFORMATION
Place of publication London
Publisher RICS
Date 2019
520 ## - ABSTRACT
Abstract Published as part of the RICS Value the Campaign launched on 15 October 2019. Sets out RICS vision on how RICS professionals and stakeholders can help implement the UN Sustainable Development Goals (SDGs) by 2030. Explains what the SDGs and how tackling climate change will help with their delivery. Lists RICS guidance/standards and research supporting climate change.
650 ## - KEYWORDS
Keywords Climate change
650 ## - KEYWORDS
Keywords Value the Planet
650 ## - KEYWORDS
Keywords Sustainable development
651 ## - SUBJECT ADDED ENTRY--GEOGRAPHIC NAME
Geographic name International
690 ## - BROAD SUBJECT
9 (RLIN) 6238
Broad subject Environment
856 ## - ONLINE RESOURCE
Uniform Resource Identifier <a href="https://www.rics.org/content/dam/ricsglobal/documents/to-be-sorted/implementing-un-sustainable-development-goals-rics.pdf">https://www.rics.org/content/dam/ricsglobal/documents/to-be-sorted/implementing-un-sustainable-development-goals-rics.pdf</a>
Public note Available on rics.org
942 ## - ADDED ENTRY ELEMENTS (KOHA)
Suppress in OPAC Do not suppress in OPAC
Holdings
Lost status Source of classification or shelving scheme Damaged status Not for loan Home library Current library Shelving location Date acquired Total Checkouts Date last seen Price effective from Koha item type
  Dewey Decimal Classification     Virtual Virtual Online 17/10/2019   25/09/2023 17/10/2019 Online material